| 000 | 01038nam a2200217Ia 4500 | ||
|---|---|---|---|
| 003 | Ost | ||
| 005 | 20260416102357.0 | ||
| 008 | 260416s9999||||xx |||||||||||||| ||und|| | ||
| 040 | _cfsecg | ||
| 041 | _aara | ||
| 082 | _a658.8 | ||
| 100 |
_aلسود، راضية _eمؤلف |
||
| 245 | 0 |
_aمحاضرات في مقياس التسويق / _c راضية لسود |
|
| 260 |
_aالجزائر _bجامعة الجزائر3: كلية العلوم الإقتصادية، العلوم التجارية وعلوم التسيير _c2021 |
||
| 300 |
_a180 ورقة _bايضاحات _c30 سم |
||
| 504 | _aمراجع ص.172 | ||
| 520 | _aالمفاهيم الاساسية للتسويق،البيئة التسويقية، تجزئة السوق، سلوك المستهلم، المزيج التسويقي، أنواع التسويق. | ||
| 653 | _aالتسويق | ||
| 710 |
_aجامعة الجزائر3: كلية العلوم الإقتصادية، العلوم التجارية وعلوم التسيير _eناشر علمي |
||
| 942 | _cHANDOUT | ||
| 999 |
_c41262 _d41262 |
||